Larry's luck
Saved in:
| Main Author: | |
|---|---|
| Other Authors: | |
| Format: | Book |
| Language: | English |
| Published: |
Garden City, N.Y. :
Doubleday & Company,
[1952]
|
| Subjects: | |
| Tags: |
Add Tag
No Tags, Be the first to tag this record!
|
MARC
| LEADER | 00000cam a2200000 i 4500 | ||
|---|---|---|---|
| 001 | 1/94765 | ||
| 008 | 080930s1952 eng d | ||
| 035 | |l 10100555 | ||
| 040 | |a GR-MY-UA |b gre |e aacr | ||
| 041 | 0 | |a eng | |
| 082 | 0 | |a 813.5 |2 (22) | |
| 100 | 1 | |a Urmston, Mary. | |
| 245 | 1 | 0 | |a Larry's luck / |c by Mary Urmston ; illustrated by Jean MacDonald Porter |
| 260 | |a Garden City, N.Y. : |b Doubleday & Company, |c [1952] | ||
| 300 | |a 188 σ.; |c 21 εκ. | ||
| 650 | 0 | 0 | |a Children's stories, American |x History and criticism. |
| 650 | 0 | 0 | |a American fiction |y 20th century. |
| 700 | 1 | |a Porter, Jean Macdonald. |4 ill | |
| 852 | |a INST |b RHODES |c AKA |e 20080930 |h 813.5 URM |p 005400030607 |q 005400030607 |t BK |y 0 | ||
| 901 | |a BIBL4-2008-3 | ||
| 909 | |a Ρ |b 153122 | ||
| 970 | |a ΚΟΖΑ |b ΜΑΡΙΑ |z 2008/09/30 | ||